Simposio sobre Historia Contemporánea de México, 1940-1984 : inventario sobre el pasado reciente /

Memoria de los trabajos presentados en un Simposio sobre Historia Contemporánea de México, celebrado en la década de 1980 y cuyo planteamiento pone en tela de juicio que la distancia cronológica sea un imperativo dogmático para acometer el quehacer historiográfico -por ende, los sucesos del pasado r...

Descrizione completa

Salvato in:
Dettagli Bibliografici
Ente Autore: Simposio sobre Historia Contemporánea de México ( México)
Altri autori: Pereyra Boldrini, Luz (coordinación editorial) (coordinación editorial)
Natura: Atti del Convegno Libro
Lingua:spagnolo
Pubblicazione: México : INAH, Dirección de Estudios Históricos, 1986, c1986
Serie:(Colección Científica INAH ; 156)
Soggetti:
Tags: Aggiungi Tag
Nessun Tag, puoi essere il primo ad aggiungerne!!

MARC

LEADER 00000nam^a2200000^a^4500
001 000187618
005 20250521000000.0
009 20260310102307.05
020 |a 968-6038-36-1 
037 |a Acervo ITESO - Biblioteca 
041 |a ESP 
082 |a 972. 06  |b SIM 1986 
111 |a Simposio sobre Historia Contemporánea de México (  |n 1º :  |d 1986 :  |c México) 
245 1 0 |a Simposio sobre Historia Contemporánea de México, 1940-1984 :  |b inventario sobre el pasado reciente /  |c Simposio sobre Historia Contemporánea de México ; coord. editorial de L. Pereyra Boldrini ; pról. de Francisco Pérez Arce. 
264 4 |a México :  |b INAH, Dirección de Estudios Históricos,  |c 1986, c1986 
300 |a 362 p. 
336 |a texto  |b txt  |2 rdacontenido 
337 |a sin mediación  |b n  |2 rdamedio 
338 |a volumen  |b nc  |2 rdasoporte 
440 1 |a (Colección Científica INAH ;  |v 156) 
520 |a Memoria de los trabajos presentados en un Simposio sobre Historia Contemporánea de México, celebrado en la década de 1980 y cuyo planteamiento pone en tela de juicio que la distancia cronológica sea un imperativo dogmático para acometer el quehacer historiográfico -por ende, los sucesos del pasado reciente quedan excluidos- en un momento que el movimiento de 1968 ya había originado un relevo generacional de investigadores. La publicación y el encuentro están estructurados en cinco jornadas, dedicadas respectivamente al sistema político mexicano, la política económica y la acumulación de capital, la cultura y los medios de comunicación masiva, la relación México-Estados Unidos y los movimientos sociales dentro del marco temporal de los años 1940-1984. El Simposio fue bautizado con el ordinal primero, pero se desconoce si fueron organizadas ediciones posteriores del mismo y que períodos históricos abarcaron. 
649 |a XX 
650 |a México -  |x Historia -  |x Congresos 
650 |a Historia -  |x Congresos 
650 |a Clase Media -  |z México -  |x Condiciones Políticas 
650 |a Clase Media -  |z México -  |x Historia 
650 |a Televisión -  |z México -  |x Historia 
650 |a Medios Audiovisuales -  |z México -  |x Historia 
650 |a Medios de Comunicación -  |z México -  |x Historia 
650 |a Comunicación Masiva -  |z México -  |x Historia 
650 |a Cultura de Masas -  |z México 
650 |a Política Cultural -  |z México -  |x Historia 
650 |a Movimientos Obreros -  |z México -  |x Historia -  |y 1928-2000 
650 |a Movimientos Obreros -  |z México -  |x Historia -  |y Siglo XX 
650 |a Movimientos Campesinos -  |z México -  |x Historia -  |y 1928-2000 
650 |a Movimientos Campesinos -  |z México -  |x Historia -  |y Siglo XX 
650 |a Movimientos Urbano-Populares -  |z México -  |x Historia -  |y 1946-2000 
650 |a Movimientos Urbano-Populares -  |z México -  |x Historia -  |y Siglo XX 
650 |a Movimientos Sociales -  |z México -  |x Historia -  |y 1928-2000 
650 |a Movimientos Sociales -  |z México -  |x Historia -  |y Siglo XX 
650 |a Historia Social -  |z México 
650 |a Sustitución de Importaciones -  |z México 
650 |a Empleo y Desempleo -  |z México 
650 |a Crisis Económica -  |z México 
650 |a Desarrollo Económico-Social -  |z México 
650 |a Política Económica -  |z México -  |x Historia 
650 |a Economía -  |z México -  |x Historia -  |y 1946-2000 
650 |a Economía -  |z México -  |x Historia -  |y Siglo XX 
650 |a Emigración -  |z México 
650 |a Inmigración -  |z EUA 
650 |a Migración Ilegal 
650 |a Relaciones Internacionales -  |z México-EUA -  |x Historia 
650 |a Crisis Política -  |z México 
650 |a Desarrollo Político -  |z México 
650 |a Cambios Políticos -  |z México 
650 |a Sistema Político -  |z México -  |x Historia 
650 |a Sociología Política 
650 |a Política -  |z México -  |x Historia -  |y 1928-2000 
650 |a Política -  |z México -  |x Historia -  |y Siglo XX 
650 |a México -  |x Historia -  |y 1946-2000 
650 |a México -  |x Historia -  |y 1928-2000 
650 |a México -  |x Historia -  |y Siglo XX 
700 |a Pereyra Boldrini, Luz  |e (coordinación editorial) 
910 |a Fondo General 
920 |a Impresos - Libros 
930 |a Colección General 
905 |a 101 
901 |a 0500130005  |b IT1  |c ACC  |u 20250521 
902 |a https://opac.biblio.iteso.mx/vufind/Record/000187618